01094nam a22002657a 45000010005000000030006000050050017000110080041000280200015000690400029000840500011001130820010001241000022001342450045001562500025002012600049002263000049002754900049003245050008003735200349003815210021007305210020007516500027007717000030007985260FISKH20241121144401.0241121b cb ||||| |||| 00| 0 eng d a0195854535 aFISKHbengcFISKHdFISKH aPE1128 a428.6 aDickens, Charles  aGreat Expectations /cby Charles Dickens aFirst published 1993 aNew York :bOxford Unversity Press ;c1993 . a89 pages : bcolor illustrations ;c21 cm .  aOxford Progressice English Readers vStage 3 aZ  aThis popular series of readers has now been completely revised and updated, using a new syllabus and new word structure lists. Readability has been ensured by means of specially designed computer software. Words that are above level but essential to the story are explained within the text,ilustrated, and then reused for maximum reinforcement.8 a1150 bLexile 8 aZ bRaz-Plus  a19 th centuryvfiction aChan, K.Y .eillustrator